|
|
|
|
| LEADER |
00000nam a22000007a 4500 |
| 005 |
20200608213246.0 |
| 007 |
cr|||| |||| |
| 008 |
200608s2019 cu |||||s|||| 00||0 spa d |
| 020 |
|
|
|a 978-959-7219-44-6
|
| 035 |
|
|
|a 31710
|
| 040 |
|
|
|a vLex
|
| 090 |
|
|
|c 10578
|d 10578
|
| 100 |
1 |
|
|a Acea Valdš, Yeney
|
| 245 |
1 |
0 |
|a Tradiciones Agrc̕olas y Propiedad Intelectual ¿Suficiencia o Complementariedad?
|h [Recurso electrn̤ico] /
|c Yeney Acea Valdš
|
| 256 |
|
|
|a Servicio en ln̕ea
|
| 260 |
|
|
|a La Habana:
|b Unin̤ Nacional de Juristas de Cuba,
|c 2019
|
| 300 |
|
|
|a 1 recurso electrn̤ico
|
| 506 |
1 |
|
|a Disponible solo en los productos indicados
|d vLex Global
|d vLex Global (Academic Edition, excluding Law Schools)
|d vLex Global (U.S. Academic Edition, Law Schools)
|d vLex Global (U.S. Academic Edition, excluding Law Schools)
|d vLex Global (Academic Edition, Law Schools)
|
| 650 |
0 |
4 |
|a Derecho Pb︢lico y Administrativo
|z Cuba
|
| 740 |
0 |
|
|a vLex Libros (Servicio en ln̕ea)
|
| 856 |
4 |
0 |
|u http://vlex.com/source/tradiciones-agricolas-propiedad-intelectual-suficiencia-complementariedad-31710
|z Acceso restringido
|
| 942 |
|
|
|c BOOK
|
| 999 |
0 |
|
|a Public and Administrative Law
|